Dictionnaire raisonné de l'architecture française du XIe au XVIe siècle / (Record no. 167678)

MARC details
000 -LEADER
campo de control de longitud fija 01193nam a22002055i 4500
001 - NÚMERO DE CONTROL
campo de control 167678
003 - IDENTIFICADOR DE NÚMERO DE CONTROL
campo de control ES-MaACL
005 - FECHA Y HORA DE LA ÚLTIMA TRANSACCIÓN
campo de control 20250929063249.0
008 - DATOS DE LONGITUD FIJA--INFORMACIÓN GENERAL
campo de control de longitud fija 990315m18581875fr a |||| | fre d
040 ## - FUENTE DE CATALOGACIÓN
Centro catalogador/agencia de origen CCPB | B
Lengua de catalogación spa
Centro/agencia transcriptor CCPB | B
100 1# - ENTRADA PRINCIPAL--NOMBRE DE PERSONA
Nombre de persona Viollet-Le-Duc, Eugène Emmanuel,
Fechas asociadas al nombre 1814-1879
9 (RLIN) 133788
245 10 - MENCIÓN DEL TÍTULO
Título Dictionnaire raisonné de l'architecture française du XIe au XVIe siècle /
Mención de responsabilidad, etc. par Viollet-Le-Duc.
260 ## - PUBLICACIÓN, DISTRIBUCIÓN, ETC.
Lugar de publicación, distribución, etc. Paris :
Nombre del editor, distribuidor, etc. A. Morel,
Fecha de publicación, distribución, etc. 1858-1875 (
Fabricante imprimerie de E. Martinet)
300 ## - DESCRIPCIÓN FÍSICA
Extensión 10 v. :
Otras características físicas il. ;
Dimensiones 25 cm.
596 ## - NOTA AL PIE DE IMPRENTA
NOTA AL PIE DE IMPRENTA De los v. III al v. VI el ed. es B. Bance, y el imp. Bonaventure et Ducessois ; a partir del vol. VI el ed. es A. Morel & C. y el imp. Comte-Jacquet.
597 ## - NOTA DE DESCRIPCIÓN FÍSICA
NOTA DE DESCRIPCIÓN FÍSICA V.1. (XVI, 506 p.) -- v.2. (544 p.) -- v.3. (512 p.) -- v.4. (509 p.) -- v.5. (563 p.) -- v.6. (458 p.) -- v.7. (570 p.) -- v.8. (523 p.) -- v.9. (554 p.) -- v.10. ([433] p.)
650 #7 - PUNTO DE ACCESO ADICIONAL DE MATERIA--TÉRMINO DE MATERIA
Término de materia o nombre geográfico como elemento de entrada Arquitectura francesa
Fuente del encabezamiento o término
9 (RLIN) 151547
852 ## - LOCALIZACIÓN
Ubicación ES-MaACL
Número de control de estantería B-1220-29
Nota libre -- Enc. hol.
Encuadernación -- Edic.: En estos ejemplares los t.I-VI (1858-1863)tienen ed. e imp. como en el cuerpo de la ficha; los t.VII-X (1864-1868) ed. A. Morel e imp. Imprimerie de E. Martinet
Holdings
Estatus retirado Estado de pérdida Estado de daño No para préstamo Colección Biblioteca de origen Biblioteca actual Ubicación en estantería Fecha de adquisición Total de préstamos Signatura topográfica completa Código de barras Visto por última vez Precio de reemplazo Tipo de ítem Koha
        Libros del s. XIX Biblioteca del Ateneo de Madrid Biblioteca del Ateneo de Madrid Sala Pardo Bazán 17/01/2008   B-1220-29 1175913 23/02/2023 23/02/2023 Libro impreso antiguo